UAS integration into civil airspace : (Registro nro. 70361)
[ vista simple ]
| 000 -LEADER | |
|---|---|
| fixed length control field | 01174nam a2200313 i 4500 |
| 001 - CONTROL NUMBER | |
| control field | 70361 |
| 003 - CONTROL NUMBER IDENTIFIER | |
| control field | Mx-PuUPA |
| 005 - DATE AND TIME OF LATEST TRANSACTION | |
| control field | 20230802141015.0 |
| 008 - FIXED-LENGTH DATA ELEMENTS--GENERAL INFORMATION | |
| fixed length control field | 230802s2022 nju |||fr|||| 00| 0 eng d |
| 020 ## - INTERNATIONAL STANDARD BOOK NUMBER | |
| International Standard Book Number | 9781118339497 |
| Qualifying information | empastado |
| 040 ## - CATALOGING SOURCE | |
| Original cataloging agency | Mx-PuUPA |
| Language of cataloging | spa |
| Transcribing agency | Mx-PuUPA |
| Modifying agency | Mx-PuUPA |
| Description conventions | rda |
| 041 0# - LANGUAGE CODE | |
| Language code of text/sound track or separate title | eng |
| 100 1# - MAIN ENTRY--PERSONAL NAME | |
| Personal name | Marshall, Douglas M., |
| Dates associated with a name | 1947- |
| 9 (RLIN) | 14554 |
| Relator term | autor |
| 245 10 - TITLE STATEMENT | |
| Title | UAS integration into civil airspace : |
| Remainder of title | policy, regulations and strategy / |
| Statement of responsibility, etc. | Douglas M. Marshall |
| 250 ## - EDITION STATEMENT | |
| Edition statement | First published |
| 264 #1 - PRODUCTION, PUBLICATION, DISTRIBUTION, MANUFACTURE, AND COPYRIGHT NOTICE | |
| Place of production, publication, distribution, manufacture | Hoboken, NJ : |
| Name of producer, publisher, distributor, manufacturer | John Wiley & Sons, |
| Date of production, publication, distribution, manufacture, or copyright notice | ©2022 |
| 300 ## - PHYSICAL DESCRIPTION | |
| Extent | xxv, 181 páginas ; |
| Dimensions | 26 cm |
| 336 ## - CONTENT TYPE | |
| Fuente | rdacontent |
| Content type term | texto |
| Content type code | txt |
| 337 ## - MEDIA TYPE | |
| Source | rdamedia |
| Media type term | sin medio |
| Media type code | n |
| 338 ## - CARRIER TYPE | |
| Source | rdacarrier |
| Carrier type term | volumen |
| Carrier type code | nc |
| 490 0# - SERIES STATEMENT | |
| Series statement | Aerospace Series |
| 650 #7 - SUBJECT ADDED ENTRY--TOPICAL TERM | |
| Source of heading or term | armarc |
| Topical term or geographic name entry element | Aeronáutica |
| Form subdivision | Legislación |
| 650 #7 - SUBJECT ADDED ENTRY--TOPICAL TERM | |
| Source of heading or term | armarc |
| Topical term or geographic name entry element | Aeronáutica |
| General subdivision | Medidas de seguridad |
| -- | Política gubernamental |
| 650 #7 - SUBJECT ADDED ENTRY--TOPICAL TERM | |
| Source of heading or term | armarc |
| Topical term or geographic name entry element | Espacio aéreo (Derecho internacional) |
| 942 ## - ADDED ENTRY ELEMENTS (KOHA) | |
| Source of classification or shelving scheme | Dewey Decimal Classification |
| Koha item type | Libro |
| Classification part | 343.0975 |
| Item part | M298 |
| Withdrawn status | Lost status | Source of classification or shelving scheme | Damaged status | Not for loan | Collection code | Home library | Current library | Shelving location | Date acquired | Source of acquisition | Cost, normal purchase price | Total Checkouts | Full call number | Barcode | Date last seen | Cost, replacement price | Price effective from | Koha item type |
|---|---|---|---|---|---|---|---|---|---|---|---|---|---|---|---|---|---|---|
| Dewey Decimal Classification | General | Biblioteca Karol Wojtyla | Biblioteca Karol Wojtyla | Sala general | 29/06/2023 | 2 | 1804.20 | 343.0975 M298 2022 | 103846 | 05/01/2026 | 1804.20 | 29/06/2023 | Reserva permanente |